02160nam a2200157 4500008001000000020001800010082001500028100001900043245005600062260004700118300003500165440010100200505160300301650006301904700003501967707 D261s a9789968899406 a707bD261s aDavis, Annalee aSobre el estar comprometida con un lugar pequeño  aSan José, Costa RicabTEOR/éTicac2019 a252 p.bil. (col)c16 x 22 cm  aEscrituras Locales. Posiciones críticas desde América Central, el Caribe y sus diásporas 5 tPresentaciónrTEOR/éTicatUna cartografa del cuerpo, de la tierra, de la historia / A cartographer of body, soil and historyrMiguel A. Lópezt¿Qué necesita Barbados para crear un ámbito cultural más dinámico? Algunas ideas en respuestas al reciente discurso sobre el presupuesto (2011) / What does Barbados need to create a more dynamic cultural arena? Some thoughts in response to the recent budget speech (2011) tDibujando líneas: contrapuntos desde el interior de la plantación, estado(s) de emergencia(s) y crisis de pertenencia al hogar (2014) / Drawing lines: counterpoints from inside the plantation, state(s) of emergence(y), and crisis of belonging at home (2014)t¿Gustos de champagne pero bolsillos con mabí? Hacia ecosistemas culturales saludables en Barbados (2016) / Champagne tastes and mauby pockets? Toward healthy cultural eco-system in Barbados (2016)tEl arte como práctica feminista caribeña (2017) / Art as Caribbean Feminist Practice (2017)rCoescrito por Annalee Davis, Joscelyn Gardner, Erica Moiah James y Jerry PhilogenetLabrando páramos en una economía postplantación. Una conversación en suelo caribeño con Annalee Davis (2018) / Tilling rab lands in a post-plantation economy. A conversation with Annalee Davis (2018) rCooking sectors tSobre el estar comprometida con un lugar pequeño 13º/59º / On being committed to a small place 13º/59º (2018)tContemplando terrenos enmarañados de múltiples maneras. Una conversación con Annalee DavisrMiguel A. LópeztCréditos de los textos tBiografías tAgradecimientos xBarbados xcaribexfeminismoxcrítica e interpretación aLópez, Miguel A. (edición)